000 00492nam a2200145 4500
999 _c6746
_d6746
008 170426b xxu||||| |||| 00| 0 eng d
022 _a0119-9000
082 _aDPer 641.505 C77 Jan-June 2013 v.13-14
245 _aSen. Chiz Escudero is foodie chef at heart:
_bcooks yummy hotdogs for breakfast/
260 _aPhilippines:
_bUBM Medica,
_c©Jan-June 2013.
300 _av13 n11, pages 64-66:
_billustrations;
_c29 cm.
500 _aCook.
650 0 _920411
_aCooking
942 _2ddc
_cPER